00780naa#a2200169#i#4500001002300000005001700023011001400040100004100054102000700095200019200102210016900294215001100463608004500474675004700519700003000566856001400596RU\INFRA-M\bibl\11513420260512102813.2##a2500-0489##a20260217b2026####ek#y0rusy0150####ca##aRU1#aХарактеристики реликтового излучения, следующие из теории инфляционной ВселеннойeЖурнальная статья1#aМоскваcОбщество с ограниченной ответственностью «Научно-издательский центр ИНФРА-М»d2026##a22 с.##aЖурнальная статья2local##aРеликтовые формы. 551.4.072#1aПоройковgС. Ю.4#azh-szf.ru